000 00643nam a2200193Ia 4500
001 2392
003 GE_BSU
008 181216s||||||||xx |||||||||||||| ||und||
040 _cGE_BSU
080 _a657.1(075.8)
100 _aსახოკია, ა. გიორგი; ანანიძე,ჯემალ
245 _aბუღალტრული აღრიცხვა და აუდიტი
260 _aთბილისი
260 _c2010
300 _a572გვ.
653 _aბუღალტრული აღრიცხვა და აუდიტი
653 _aპერიოდიკა
942 _cBK
999 _c36475
_d36475